[Event "32nd Rilton Cup"]
[Site "Stockholm SWE"]
[Date "2002.12.28"]
[Round "2.17"]
[White "Jonsson, Mikael"]
[Black "Ernst, Thomas"]
[Result "0-1"]
[WhiteElo "2290"]
[BlackElo "2450"]
[EventDate "2002.12.27"]
[PlyCount "110"]

1.e4 c5 2.Nc3 Nc6 3.g3 g6 4.Bg2 Bg7 5.Nge2 d6 6.O-O e6 7.d3 Nge7 8.Be3 Nd4
9.Rb1 Nec6 10.a3 a5 11.Qd2 O-O 12.h3 Rb8 13.g4 b5 14.Ng3 b4 15.Nce2 e5 16.
c3 bxc3 17.bxc3 Nb3 18.Qc2 a4 19.f4 exf4 20.Nxf4 Ne5 21.Nd5 Be6 22.g5 Qd7 
23.Kh2 Bxd5 24.exd5 f5 25.gxf6 Rxf6 26.Ne4 Rxf1 27.Rxf1 Rf8 28.Rxf8+ Kxf8 
29.Ng5 Kg8 30.Ne6 Qf7 31.Qe2 Nd7 32.Qg4 Nb6 33.Qh4 Bf6 34.Bg5 Bxc3 35.Bd8 
Be5+ 36.Kg1 Nd7 37.Ng5 Bd4+ 38.Kh1 Qg7 39.Qg4 Nf8 40.Qc8 Qe5 41.Ne4 Nd2 
42.Bf6 Qh5 43.Bxd4 Nxe4 44.Be3 Ng3+ 45.Kg1 Qd1+ 46.Kh2 Nf5 47.Bf4 Qxd3 48.
Qd8 Qxa3 49.Bxd6 Nxd6 50.Qxd6 Qc3 51.Qe7 a3 52.Qa7 Qe5+ 53.Kg1 Qa1+ 54.Kh2
a2 55.d6 Qe5+ 0-1

[Event "32nd Rilton Cup"]
[Site "Stockholm SWE"]
[Date "2002.12.28"]
[Round "2.18"]
[White "Nybaeck, Tomi"]
[Black "Nygren, Kim"]
[Result "1-0"]
[WhiteElo "2445"]
[BlackElo "2202"]
[EventDate "2002.12.27"]
[PlyCount "61"]

1.Nf3 Nf6 2.c4 g6 3.Nc3 Bg7 4.e4 d6 5.d4 O-O 6.Be2 e5 7.O-O Nc6 8.d5 Ne7 
9.b4 a5 10.Ba3 axb4 11.Bxb4 b6 12.a4 Re8 13.Re1 h6 14.Bf1 Nh5 15.Nb5 Nf4 
16.a5 c5 17.dxc6 Nxc6 18.Bxd6 Bg4 19.h3 Bxf3 20.Qxf3 Rxa5 21.Rxa5 bxa5 22.
c5 Re6 23.g3 Nh5 24.Bc4 Rf6 25.Qg4 Bf8 26.Rd1 Kg7 27.Bd5 Qa8 28.Qd7 Bxd6 
29.Nxd6 Nb8 30.Ne8+ Kh8 31.Qd8 1-0

[Event "32nd Rilton Cup"]
[Site "Stockholm SWE"]
[Date "2002.12.28"]
[Round "2.20"]
[White "Fries-Nielsen, Jens Ove"]
[Black "Palmblad, Jan-Peter"]
[Result "1-0"]
[WhiteElo "2444"]
[BlackElo "2187"]
[EventDate "2002.12.27"]
[PlyCount "87"]

1.d4 d5 2.Nf3 e6 3.e3 Nf6 4.Bd3 c5 5.O-O Nc6 6.b3 a6 7.Bb2 b5 8.a4 b4 9.
Nbd2 cxd4 10.exd4 Be7 11.Ne5 Bb7 12.f4 Qb6 13.Ndf3 Nd7 14.Nxd7 Kxd7 15.a5 
Qa7 16.Kh1 f5 17.Qe1 Bf6 18.Ra4 Qb8 19.Qg3 Qf8 20.Re1 g6 21.Qf2 Qd6 22.
Ne5+ Ke8 23.c3 bxc3 24.Bxc3 Kf8 25.Bb2 Kg7 26.Ba3 Qd8 27.Bc5 Bxe5 28.fxe5 
Qd7 29.Ra3 Nb8 30.b4 Bc6 31.Rc3 Bb5 32.Bxb5 Qxb5 33.Qh4 Re8 34.Qf6+ Kg8 
35.Rh3 Qd7 36.Rh6 Qg7 37.Qh4 Nd7 38.Bd6 Rac8 39.Qg5 Rc2 40.h4 Rec8 41.Be7 
Re8 42.Bf6 Nxf6 43.exf6 Qf8 44.h5 1-0

[Event "32nd Rilton Cup"]
[Site "Stockholm SWE"]
[Date "2002.12.28"]
[Round "2.26"]
[White "Halleroed, Ralph"]
[Black "Gleizerov, Evgeny"]
[Result "0-1"]
[WhiteElo "2105"]
[BlackElo "2581"]
[EventDate "2002.12.27"]
[PlyCount "79"]

1.d4 e6 2.c4 f5 3.g3 Nf6 4.Bg2 d5 5.Bf4 c6 6.Nf3 Be7 7.Qc2 O-O 8.O-O Ne4 
9.Nc3 Nd7 10.cxd5 exd5 11.Ne5 Ndf6 12.f3 Nd6 13.Nd3 Qb6 14.e3 Nf7 15.Rfe1 
Nd7 16.Na4 Qd8 17.Be5 Ndxe5 18.dxe5 Ng5 19.Rad1 Qe8 20.h4 Ne6 21.b4 Qg6 
22.Qf2 b6 23.Nc3 Ba6 24.a3 Bxd3 25.Rxd3 f4 26.Qd2 Qxg3 27.e4 Bxh4 28.Rf1 
d4 29.Ne2 Qg5 30.Nxd4 Nxd4 31.Rxd4 Qxe5 32.Rc1 Rad8 33.Qa2+ Kh8 34.Rxd8 
Rxd8 35.Qf7 h6 36.Bh3 Qb2 37.Rf1 Bg3 38.Bg2 Qxa3 39.Qe7 Qd3 40.Ra1 0-1

[Event "32nd Rilton Cup"]
[Site "Stockholm SWE"]
[Date "2002.12.29"]
[Round "3.1"]
[White "Barkhagen, Jonas"]
[Black "Jussupow, Artur"]
[Result "1/2-1/2"]
[WhiteElo "2458"]
[BlackElo "2622"]
[EventDate "2002.12.27"]
[PlyCount "105"]

1.d4 e6 2.c4 f5 3.g3 Nf6 4.Bg2 d5 5.Nf3 c6 6.O-O Bd6 7.Bf4 Bxf4 8.gxf4 O-O
9.e3 Qe7 10.Qc2 Bd7 11.Ne5 Be8 12.Nc3 Nbd7 13.cxd5 Nxd5 14.Nxd7 Bxd7 15.
Ne2 Kh8 16.Kh1 Rg8 17.Qc5 Qf6 18.Ng1 g5 19.Bxd5 exd5 20.Nf3 gxf4 21.exf4 
Be8 22.Ne5 Bh5 23.Qc3 Rg7 24.Rg1 Rag8 25.Rg3 Be8 26.Rag1 h6 27.b4 Kh7 28.
Qa3 a6 29.Qa5 Bh5 30.Rxg7+ Rxg7 31.Rxg7+ Qxg7 32.Qd8 Bg4 33.f3 Bh3 34.Qd7 
Qxd7 35.Nxd7 Bf1 36.Nc5 b6 37.Nd7 a5 38.a3 axb4 39.axb4 Kg6 40.Nxb6 Bb5 
41.Kg2 Ba6 42.Kh3 Kh5 43.Kg3 Bb7 44.Nd7 Ba6 45.Nc5 Bb5 46.Nb7 Ba6 47.Nd6 
Kg6 48.Kh4 Be2 49.Nc8 Bb5 50.Nb6 Be2 51.Nd7 Bb5 52.Ne5+ Kf6 53.Kh5 1/2-1/2

[Event "32nd Rilton Cup"]
[Site "Stockholm SWE"]
[Date "2002.12.29"]
[Round "3.2"]
[White "Ernst, Thomas"]
[Black "Ulybin, Mikhail"]
[Result "1/2-1/2"]
[WhiteElo "2450"]
[BlackElo "2581"]
[EventDate "2002.12.27"]
[PlyCount "50"]

1.e4 e6 2.d4 d5 3.Nc3 Nf6 4.e5 Nfd7 5.f4 c5 6.Nf3 Qb6 7.Be3 a6 8.Na4 Qa5+ 
9.c3 cxd4 10.b4 Qc7 11.Qxd4 b5 12.Nb2 f6 13.exf6 Nxf6 14.a4 Nc6 15.Qb6 
Qxb6 16.Bxb6 Rb8 17.Be3 Bd6 18.axb5 axb5 19.Nd3 Ng4 20.Bd2 O-O 21.Be2 Nf6 
22.Be3 Ne4 23.Nd4 Ne7 24.Ra3 Bd7 25.O-O Rb7 1/2-1/2

[Event "32nd Rilton Cup"]
[Site "Stockholm SWE"]
[Date "2002.12.29"]
[Round "3.3"]
[White "Nybaeck, Tomi"]
[Black "Stefansson, Hannes Hlifar"]
[Result "1/2-1/2"]
[WhiteElo "2445"]
[BlackElo "2566"]
[EventDate "2002.12.27"]
[PlyCount "32"]

1.Nf3 Nf6 2.c4 e6 3.Nc3 b6 4.g3 c5 5.Bg2 Bb7 6.O-O Be7 7.d4 cxd4 8.Qxd4 
O-O 9.Rd1 Nc6 10.Qf4 Qb8 11.b3 Rd8 12.Qxb8 Raxb8 13.Bf4 Rbc8 14.Bd6 Kf8 
15.Nb5 Ne8 16.Ng5 Bxd6 1/2-1/2

[Event "32nd Rilton Cup"]
[Site "Stockholm SWE"]
[Date "2002.12.29"]
[Round "3.4"]
[White "Fries-Nielsen, Jens Ove"]
[Black "Gallagher, Joseph"]
[Result "1/2-1/2"]
[WhiteElo "2444"]
[BlackElo "2540"]
[EventDate "2002.12.27"]
[PlyCount "70"]

1.d4 Nf6 2.Nf3 g6 3.g3 Bg7 4.Bg2 O-O 5.O-O d6 6.Re1 Nbd7 7.e4 e5 8.Nc3 c6 
9.a4 Qc7 10.h3 b6 11.Be3 Bb7 12.Qd2 a6 13.Bh6 Rfe8 14.Bxg7 Kxg7 15.Rad1 b5
16.Nh4 h6 17.Kh2 Nf8 18.Ne2 Rad8 19.axb5 cxb5 20.Nc3 Rc8 21.Rc1 Qb6 22.
dxe5 dxe5 23.Nd5 Qd6 24.Rcd1 Nxd5 25.exd5 Nd7 26.b3 b4 27.Re4 a5 28.Rg4 
Kh7 29.Be4 Nf6 30.Rxg6 fxg6 31.Bxg6+ Kg8 32.Qxh6 Rc7 33.Nf5 Qc5 34.Rd2 Rf8
35.Qg5 Kh8 1/2-1/2

[Event "32nd Rilton Cup"]
[Site "Stockholm SWE"]
[Date "2002.12.29"]
[Round "3.5"]
[White "Aakesson, Ralf"]
[Black "Wedberg, Tom"]
[Result "0-1"]
[WhiteElo "2440"]
[BlackElo "2530"]
[EventDate "2002.12.27"]
[PlyCount "69"]

1.Nf3 c5 2.g3 Nc6 3.Bg2 e5 4.c4 g6 5.Nc3 d6 6.O-O Bg7 7.Ne1 Be6 8.d3 Nge7 
9.Bg5 f6 10.Bd2 O-O 11.a3 a5 12.Nc2 d5 13.cxd5 Nxd5 14.b4 cxb4 15.Nxd5 
Bxd5 16.Bxd5+ Qxd5 17.axb4 a4 18.Ne3 Qb5 19.Nc4 Qa6 20.Na5 b5 21.Nb3 Qa7 
22.Nc5 Qf7 23.e3 f5 24.Ra3 Rfd8 25.Qe2 Rac8 26.Rc1 Bf8 27.d4 exd4 28.Qxb5 
Qd5 29.Qe2 dxe3 30.Bxe3 Nxb4 31.Rxa4 Bxc5 32.Bxc5 Rxc5 33.Rxc5 Qxc5 34.
Qe6+ Kg7 35.Ra5 0-1

[Event "32nd Rilton Cup"]
[Site "Stockholm SWE"]
[Date "2002.12.29"]
[Round "3.7"]
[White "Ornstein, Axel"]
[Black "Cramling, Pia"]
[Result "1/2-1/2"]
[WhiteElo "2426"]
[BlackElo "2508"]
[EventDate "2002.12.27"]
[PlyCount "87"]

1.c4 e5 2.g3 Nf6 3.Bg2 d5 4.cxd5 Nxd5 5.Nc3 Nb6 6.Nf3 Nc6 7.O-O Be7 8.d3 
O-O 9.Bd2 Be6 10.Rc1 f6 11.Qc2 Nb4 12.Qb1 c5 13.a3 Na6 14.Ne4 Qd7 15.b4 c4
16.Rfd1 cxd3 17.exd3 Rac8 18.Bc3 Nd5 19.Bb2 Rxc1 20.Rxc1 Qd8 21.Ned2 Bf5 
22.Nh4 Be6 23.Re1 Nac7 24.Nhf3 Bf5 25.Nh4 Be6 26.Nhf3 Bf5 27.Ne4 Nb5 28.d4
exd4 29.Nxd4 Nxd4 30.Bxd4 Nxb4 31.Bxa7 Qa5 32.axb4 Qxa7 33.Qb3+ Kh8 34.Nc3
b6 35.Qd5 Bxb4 36.Qxf5 Bxc3 37.Rd1 Qa5 38.Rd5 Qa1+ 39.Bf1 Be5 40.Rd7 Qa2 
41.Bd3 Qg8 42.h4 g6 43.Qe4 Rd8 44.Rxd8 1/2-1/2

[Event "32nd Rilton Cup"]
[Site "Stockholm SWE"]
[Date "2002.12.29"]
[Round "3.8"]
[White "Taimanov, Mark"]
[Black "Lobron, Eric"]
[Result "1/2-1/2"]
[WhiteElo "2406"]
[BlackElo "2500"]
[EventDate "2002.12.27"]
[PlyCount "44"]

1.c4 e5 2.Nc3 Bb4 3.Nf3 Bxc3 4.dxc3 Nc6 5.e4 d6 6.Be2 Nge7 7.O-O O-O 8.Ne1
f5 9.exf5 Bxf5 10.Nc2 Ng6 11.Ne3 Nf4 12.Nxf5 Nxe2+ 13.Qxe2 Rxf5 14.Qe4 Qd7
15.Be3 b6 16.Rad1 Raf8 17.c5 bxc5 18.Bxc5 Rf4 19.Qd5+ Kh8 20.Be3 Rg4 21.f3
Rg6 22.Qe4 Rb8 1/2-1/2

[Event "32nd Rilton Cup"]
[Site "Stockholm SWE"]
[Date "2002.12.29"]
[Round "3.9"]
[White "Lindberg, Bengt"]
[Black "Vasquez Schroder, Rodrigo"]
[Result "1/2-1/2"]
[WhiteElo "2382"]
[BlackElo "2481"]
[EventDate "2002.12.27"]
[PlyCount "84"]

1.e4 c5 2.Nf3 d6 3.d4 cxd4 4.Nxd4 Nf6 5.Nc3 a6 6.Be2 e6 7.O-O Be7 8.Be3 
Qc7 9.a4 b6 10.Qd2 Bb7 11.f3 O-O 12.Rfd1 Rd8 13.Bf1 Nbd7 14.Qf2 Rac8 15.
Rac1 Re8 16.Nb3 Bd8 17.Qd2 Qb8 18.Bf4 Ne5 19.Kh1 Be7 20.Qf2 Qc7 21.Rd2 
Red8 22.Rcd1 h6 23.Be3 Ned7 24.Qg3 Kh8 25.Bd4 Ne5 26.Qf2 Ned7 27.Qg3 Rg8 
28.Ne2 Bc6 29.Nc3 Qb7 30.Be3 Nc5 31.Nxc5 bxc5 32.e5 dxe5 33.Qxe5 Nd5 34.
Nxd5 exd5 35.Bxh6 c4 36.Qh5 g6 37.Qh3 Rg7 38.Bxg7+ Kxg7 39.Qg4 Rh8 40.g3 
Qxb2 41.Qd4+ Qxd4 42.Rxd4 Rb8 1/2-1/2

[Event "32nd Rilton Cup"]
[Site "Stockholm SWE"]
[Date "2002.12.29"]
[Round "3.10"]
[White "Ivanov, Sergei"]
[Black "Furhoff, Johan"]
[Result "0-1"]
[WhiteElo "2561"]
[BlackElo "2302"]
[EventDate "2002.12.27"]
[PlyCount "130"]

1.d4 d5 2.c4 c6 3.Nf3 Nf6 4.e3 g6 5.Nc3 Bg7 6.Bd3 O-O 7.O-O Bg4 8.h3 Bxf3 
9.Qxf3 e6 10.Rd1 Nbd7 11.Qe2 Re8 12.Qc2 Rc8 13.Qb3 Qc7 14.Bd2 c5 15.Nb5 
Qb8 16.cxd5 Nxd5 17.Nc3 N5b6 18.Bb5 cxd4 19.exd4 Bxd4 20.Bxd7 Nxd7 21.Qa4 
Bxc3 22.Bxc3 Nb6 23.Qd4 e5 24.Qh4 Qc7 25.Rac1 Qe7 26.Qh6 Na4 27.Rd3 Nxc3 
28.Rdxc3 Rxc3 29.Rxc3 Rd8 30.Qe3 Rd4 31.g3 Qd6 32.Kg2 Kg7 33.Qf3 Qd5 34.
Qxd5 Rxd5 35.Rc7 Rb5 36.b3 h5 37.h4 Kf6 38.Kf3 Rb4 39.Ke3 a5 40.Rc5 b6 41.
Rc7 Ke6 42.Kf3 f6 43.Rc8 Rd4 44.Rb8 Rd6 45.Rg8 Kf7 46.Rb8 f5 47.Ke3 Ke6 
48.Rc8 Kd5 49.Rc2 b5 50.Rc8 Ra6 51.a4 bxa4 52.bxa4 Rb6 53.Ra8 Rb3+ 54.Ke2 
Ke4 55.Rxa5 Rb2+ 56.Ke1 Ra2 57.Ra6 Kf3 58.Rxg6 Ra1+ 59.Kd2 Kxf2 60.Rg5 f4 
61.gxf4 e4 62.Rxh5 e3+ 63.Kd3 Ra3+ 64.Kc2 e2 65.Re5 Re3 0-1

[Event "32nd Rilton Cup"]
[Site "Stockholm SWE"]
[Date "2002.12.29"]
[Round "3.13"]
[White "Evertsson, Lennart"]
[Black "Handke, Florian"]
[Result "0-1"]
[WhiteElo "2226"]
[BlackElo "2504"]
[EventDate "2002.12.27"]
[PlyCount "114"]

1.e4 e6 2.Nf3 d5 3.Nc3 Nf6 4.e5 Nfd7 5.d4 c5 6.Bb5 Nc6 7.Be3 cxd4 8.Bxd4 
a6 9.Ba4 b5 10.Bb3 Nxd4 11.Qxd4 Bc5 12.Qg4 O-O 13.O-O f5 14.Qh5 Nb6 15.
Rad1 Ra7 16.Nd4 Raf7 17.Nce2 Qc7 18.Nf3 g6 19.Qh3 Rg7 20.Qh6 g5 21.Nxg5 
Qxe5 22.Rfe1 f4 23.Nf3 Qf5 24.Nh4 Qf6 25.Qxf6 Rxf6 26.Nd4 Bd7 27.c3 Kf8 
28.Nhf3 Nc8 29.Ne5 Be8 30.Rd3 Nd6 31.Rf3 Ne4 32.Bc2 Rg5 33.Nd3 Bd6 34.Rh3 
h6 35.f3 Nc5 36.Nf2 e5 37.Ne2 h5 38.Nc1 Rf7 39.Rd1 Bc6 40.b4 Nb7 41.Bb3 
Rfg7 42.Kf1 e4 43.Ne2 e3 44.Nd3 Rxg2 45.Ng3 fxg3 46.Kxg2 gxh2+ 47.Kf1 h4 
48.Rxh4 d4 49.Nf4 Bxf4 50.Rxf4+ Ke7 51.Ke2 Rg2+ 52.Kd3 Rd2+ 53.Rxd2 h1=Q 
54.Rd1 Qg2 55.Rf7+ Ke8 56.Kxd4 e2 57.Rd2 Qg1+ 0-1

[Event "32nd Rilton Cup"]
[Site "Stockholm SWE"]
[Date "2002.12.29"]
[Round "3.14"]
[White "Djurhuus, Rune"]
[Black "Lindberg, Henrik"]
[Result "1/2-1/2"]
[WhiteElo "2479"]
[BlackElo "2218"]
[EventDate "2002.12.27"]
[PlyCount "83"]

1.Nf3 c5 2.e4 Nc6 3.Bb5 g6 4.c3 Nf6 5.e5 Nd5 6.O-O Bg7 7.d4 cxd4 8.cxd4 
O-O 9.Nc3 Nc7 10.Ba4 d6 11.Bf4 Bg4 12.Bxc6 bxc6 13.h3 Bxf3 14.Qxf3 Ne6 15.
Be3 Qd7 16.Rfd1 d5 17.Qe2 f6 18.f4 Bh6 19.Rf1 fxe5 20.fxe5 Bxe3+ 21.Qxe3 
Qc7 22.Na4 Qa5 23.b3 Qb4 24.Rfd1 Rf5 25.Rac1 Qb5 26.Nc5 Nxc5 27.Rxc5 Qa6 
28.Rc2 Raf8 29.Qd3 Qb6 30.Rdc1 Rxe5 31.Rxc6 Re1+ 32.Rxe1 Qxc6 33.Rxe7 Qc1+
34.Kh2 Qf4+ 35.Qg3 Qxd4 36.Qc7 a5 37.Rxh7 Rf1 38.Re7 Qg1+ 39.Kg3 Qf2+ 40.
Kh2 Qg1+ 41.Kg3 Qf2+ 42.Kh2 1/2-1/2

[Event "32nd Rilton Cup"]
[Site "Stockholm SWE"]
[Date "2002.12.29"]
[Round "3.15"]
[White "Kiik, Kalle"]
[Black "Bjarnehag, Peter"]
[Result "1-0"]
[WhiteElo "2445"]
[BlackElo "2197"]
[EventDate "2002.12.27"]
[PlyCount "79"]

1.e4 c5 2.Nf3 e6 3.c4 Nc6 4.Nc3 Nf6 5.Be2 d5 6.e5 Nd7 7.cxd5 exd5 8.Bb5 a6
9.Bxc6 bxc6 10.d4 c4 11.O-O Be7 12.b3 cxb3 13.axb3 Nb6 14.h3 O-O 15.Qc2 f5
16.Ne2 Qe8 17.Ne1 Rb8 18.f4 Na8 19.Nd3 Nc7 20.Ba3 Bxa3 21.Rxa3 Ne6 22.Rc1 
Qe7 23.Ra2 Rb6 24.Qc3 Bd7 25.Rca1 Rfb8 26.b4 Nc7 27.Qd2 Bc8 28.Nc3 Ne6 29.
Qf2 Qa7 30.Ne2 Qe7 31.Ra4 Nc7 32.Nec1 Ne6 33.Nb3 Qa7 34.R1a2 Rb5 35.Kh2 
Kh8 36.Nbc5 Nxc5 37.dxc5 Qe7 38.Qd4 Kg8 39.Re2 Qe6 40.Nc1 1-0

[Event "32nd Rilton Cup"]
[Site "Stockholm SWE"]
[Date "2002.12.29"]
[Round "3.17"]
[White "Lundvik, Jonas"]
[Black "Hermansson, Emil"]
[Result "0-1"]
[WhiteElo "2270"]
[BlackElo "2370"]
[EventDate "2002.12.27"]
[PlyCount "118"]

1.d4 Nf6 2.Nf3 d5 3.c4 c6 4.cxd5 cxd5 5.Nc3 Nc6 6.Bf4 a6 7.e3 Bg4 8.Be2 e6
9.O-O Bd6 10.Bxd6 Qxd6 11.Na4 O-O 12.Rc1 Nd7 13.h3 Bxf3 14.Bxf3 Rac8 15.
Nc5 Nxc5 16.dxc5 Qe7 17.a3 Rfd8 18.b4 g6 19.Qb3 Rd7 20.Rfd1 Rcd8 21.Rd2 h5
22.Rcd1 Qh4 23.Qb2 Kf8 24.Kh2 Qg5 25.Be2 Ke7 26.f4 Qh6 27.Bf3 g5 28.fxg5 
Qxg5 29.Kh1 Ne5 30.Rf2 Nc4 31.Qb3 Qxe3 32.Qxe3 Nxe3 33.Re1 Nf5 34.Kh2 h4 
35.Bh5 Kf6 36.Bg4 d4 37.Bxf5 exf5 38.Kg1 d3 39.Rd2 Rd4 40.Rc1 Ke5 41.Rc3 
Ke4 42.Kf2 Rc8 43.Rc1 Rc7 44.Rc3 Rc6 45.Rc1 Re6 46.Rc3 f4 47.Rb3 Rf6 48.
Rb1 Kd5 49.Rc1 Rg6 50.Rc3 Rg3 51.c6 bxc6 52.Rc5+ Ke4 53.Rxc6 f3 54.gxf3+ 
Rxf3+ 55.Kg2 Ke3 56.Rd1 Ke2 57.Rcc1 d2 58.Ra1 Rdd3 59.a4 Rxh3 0-1

[Event "32nd Rilton Cup"]
[Site "Stockholm SWE"]
[Date "2002.12.29"]
[Round "3.18"]
[White "Persson, Lars"]
[Black "Couso, Luis"]
[Result "1/2-1/2"]
[WhiteElo "2108"]
[BlackElo "2355"]
[EventDate "2002.12.27"]
[PlyCount "62"]

1.d4 Nf6 2.c4 e6 3.Nc3 Bb4 4.Qb3 c5 5.e3 Nc6 6.Nf3 O-O 7.a3 Ba5 8.dxc5 Ne4
9.Bd2 Bxc3 10.Bxc3 Nxc5 11.Qc2 a5 12.Rd1 f5 13.Bd3 Qe7 14.Ne5 Nxe5 15.Bxe5
d6 16.Bc3 Bd7 17.b3 Bc6 18.O-O Qg5 19.f4 Qg6 20.Rf2 b6 21.Bd4 Rad8 22.Rfd2
Rd7 23.Bxc5 bxc5 24.Bf1 Rfd8 25.Qc3 a4 26.b4 Qf6 27.Qxf6 gxf6 28.bxc5 dxc5
29.Rxd7 Rxd7 30.Rxd7 Bxd7 31.Kf2 Kf7 1/2-1/2

[Event "32nd Rilton Cup"]
[Site "Stockholm SWE"]
[Date "2002.12.29"]
[Round "3.20"]
[White "Kovalevskaya, Ekaterina"]
[Black "Ong, Kezli"]
[Result "1/2-1/2"]
[WhiteElo "2466"]
[BlackElo "2171"]
[EventDate "2002.12.27"]
[PlyCount "81"]

1.e4 e5 2.Nf3 Nc6 3.Bb5 a6 4.Ba4 Nf6 5.O-O b5 6.Bb3 Be7 7.d4 d6 8.c3 Bg4 
9.d5 Na5 10.Bc2 c6 11.h3 Bc8 12.dxc6 Qc7 13.a4 Qxc6 14.Nbd2 O-O 15.axb5 
axb5 16.b4 Nc4 17.Rxa8 Qxa8 18.Nxc4 bxc4 19.Bg5 Rd8 20.Qe2 Be6 21.Rd1 Qa2 
22.Qd2 h6 23.Bxf6 Bxf6 24.Bb1 Qa3 25.Qc2 Qb3 26.Rd2 Qxc2 27.Rxc2 d5 28.
exd5 Bf5 29.Rc1 Bxb1 30.Rxb1 Rxd5 31.b5 e4 32.Nd4 Bxd4 33.cxd4 Rxd4 34.b6 
Rd8 35.Rc1 Rb8 36.Rxc4 Rxb6 37.Rxe4 Rb2 38.g3 g6 39.Kg2 Rb3 40.h4 h5 41.
Ra4 1/2-1/2

[Event "32nd Rilton Cup"]
[Site "Stockholm SWE"]
[Date "2002.12.29"]
[Round "3.21"]
[White "Carlsten, Peter"]
[Black "Karttunen, Mika"]
[Result "0-1"]
[WhiteElo "2159"]
[BlackElo "2413"]
[EventDate "2002.12.27"]
[PlyCount "38"]

1.e4 c5 2.Nf3 e6 3.d4 cxd4 4.Nxd4 a6 5.Nc3 Qc7 6.Be2 Nf6 7.O-O Bb4 8.Qd3 
d6 9.Bd2 Bc5 10.Nb3 Ba7 11.Be3 Bxe3 12.Qxe3 O-O 13.a4 Nc6 14.Rfc1 b6 15.
Nd2 Rb8 16.Nc4 d5 17.e5 Ne8 18.Qh3 dxc4 19.f4 Nd4 0-1

[Event "32nd Rilton Cup"]
[Site "Stockholm SWE"]
[Date "2002.12.29"]
[Round "3.23"]
[White "Aagaard, Jacob"]
[Black "Henriksson, Jacob"]
[Result "1/2-1/2"]
[WhiteElo "2371"]
[BlackElo "2161"]
[EventDate "2002.12.27"]
[PlyCount "43"]

1.e4 e5 2.Nf3 Nc6 3.Bb5 a6 4.Ba4 Nf6 5.O-O Nxe4 6.d4 b5 7.Bb3 d5 8.dxe5 
Be6 9.Nbd2 Nc5 10.c3 d4 11.Bxe6 Nxe6 12.cxd4 Ncxd4 13.a4 Be7 14.Ne4 O-O 
15.Be3 c5 16.b4 bxa4 17.bxc5 Nb3 18.Rxa4 Nbxc5 19.Nxc5 Qxd1 20.Rxd1 Bxc5 
21.Rda1 Bxe3 22.fxe3 1/2-1/2

[Event "32nd Rilton Cup"]
[Site "Stockholm SWE"]
[Date "2002.12.29"]
[Round "3.31"]
[White "Winge, Stefan"]
[Black "Halleroed, Ralph"]
[Result "1-0"]
[WhiteElo "2262"]
[BlackElo "2105"]
[EventDate "2002.12.27"]
[PlyCount "35"]

1.e4 d5 2.exd5 Qxd5 3.Nc3 Qa5 4.d4 c6 5.Bc4 Bf5 6.Bd2 Qc7 7.g4 Bg6 8.Nge2 
e6 9.h4 h6 10.Nf4 Bh7 11.Qf3 Bxc2 12.Rc1 Bh7 13.d5 e5 14.O-O Be7 15.dxc6 
Nxc6 16.Bxf7+ Kd7 17.Nb5 e4 18.Qd1 1-0

[Event "32nd Rilton Cup"]
[Site "Stockholm SWE"]
[Date "2002.12.29"]
[Round "3.32"]
[White "Dalmau, Juan"]
[Black "Tetenkina, Irina"]
[Result "0-1"]
[WhiteElo "2059"]
[BlackElo "2251"]
[EventDate "2002.12.27"]
[PlyCount "54"]

1.e4 e6 2.d4 d5 3.exd5 exd5 4.Nf3 Bd6 5.c4 dxc4 6.Bxc4 Nf6 7.O-O O-O 8.h3 
h6 9.Re1 c6 10.Nc3 Nbd7 11.Be3 Nb6 12.Bb3 Re8 13.Qd2 Be6 14.Bc2 Nc4 15.Qc1
Nxe3 16.fxe3 Bg3 17.Rd1 Qc8 18.Qd2 Bf5 19.Ne2 Bxc2 20.Qxc2 Bc7 21.Rd3 Nd5 
22.Qb3 Qe6 23.Kf2 Qg6 24.Rad1 Re6 25.g3 Rae8 26.Nf4 Bxf4 27.gxf4 Nxf4 0-1

[Event "32nd Rilton Cup"]
[Site "Stockholm SWE"]
[Date "2002.12.30"]
[Round "4.2"]
[White "Jussupow, Artur"]
[Black "Ernst, Thomas"]
[Result "1/2-1/2"]
[WhiteElo "2622"]
[BlackElo "2450"]
[EventDate "2002.12.27"]
[PlyCount "76"]

1.d4 Nf6 2.Nf3 g6 3.g3 d5 4.Bg2 Bg7 5.O-O O-O 6.Ne5 Nbd7 7.c4 dxc4 8.Nxc4 
Nb6 9.Nba3 c6 10.b3 Be6 11.Bb2 Qc8 12.e4 Bh3 13.Qe2 Bxg2 14.Kxg2 Qe6 15.
Rfe1 Rad8 16.Rad1 Rfe8 17.h3 Qc8 18.Nc2 Nfd7 19.N2e3 Qc7 20.Rc1 Nf6 21.Qf3
Nfd7 22.Bc3 e5 23.Nxe5 Nxe5 24.dxe5 Nd7 25.Ng4 Nxe5 26.Nf6+ Bxf6 27.Qxf6 
Re6 28.Qh4 Nd3 29.Red1 Rd7 30.Rb1 Qb6 31.Rd2 Qc5 32.Rc2 Nb4 33.Qh6 f6 34.
Bxb4 Qxb4 35.Rc4 Qd2 36.Qxd2 Rxd2 37.a4 Red6 38.b4 R2d4 1/2-1/2

[Event "32nd Rilton Cup"]
[Site "Stockholm SWE"]
[Date "2002.12.30"]
[Round "4.3"]
[White "Bellon Lopez, Juan Manuel"]
[Black "Gleizerov, Evgeny"]
[Result "1-0"]
[WhiteElo "2428"]
[BlackElo "2581"]
[EventDate "2002.12.27"]
[PlyCount "75"]

1.d4 e6 2.e4 d5 3.Nc3 Nf6 4.Bg5 Be7 5.e5 Nfd7 6.h4 c5 7.Bxe7 Kxe7 8.Qg4 
Nc6 9.dxc5 Kf8 10.Nf3 Ndxe5 11.Nxe5 Nxe5 12.Qg3 f6 13.h5 Nf7 14.O-O-O Bd7 
15.Bb5 Rc8 16.Rhe1 Rxc5 17.Qe3 Rxb5 18.Nxb5 a6 19.Nd4 e5 20.Nb3 Bc6 21.c4 
d4 22.Nxd4 exd4 23.Rxd4 Qc7 24.Qa3+ Kg8 25.Qc5 g6 26.Re8+ Kg7 27.h6+ Kxh6 
28.Re7 Qh2 29.Rxf7 Re8 30.Rxf6 Qxg2 31.Rf7 Be4 32.Qc7 Qg5+ 33.Kd1 Qg4+ 34.
Kd2 Kg5 35.Rxh7 Qf3 36.Qh2 Rf8 37.Qh4+ Kf5 38.Re7 1-0

[Event "32nd Rilton Cup"]
[Site "Stockholm SWE"]
[Date "2002.12.30"]
[Round "4.6"]
[White "Gallagher, Joseph"]
[Black "Nybaeck, Tomi"]
[Result "1-0"]
[WhiteElo "2540"]
[BlackElo "2445"]
[EventDate "2002.12.27"]
[PlyCount "77"]

1.e4 d6 2.d4 Nf6 3.Nc3 g6 4.Be3 c6 5.Qd2 b5 6.Bd3 Bb7 7.Nf3 Nbd7 8.h3 e5 
9.dxe5 dxe5 10.O-O Bg7 11.a4 a6 12.Ne2 Qe7 13.Ng3 Nc5 14.Qb4 Nfd7 15.axb5 
cxb5 16.Rfd1 Bf6 17.Qa5 O-O 18.b4 Nxd3 19.Rxd3 Rfc8 20.Rad1 Nf8 21.Bc5 Qe8
22.Qb6 Bc6 23.Bd6 Nd7 24.Qe3 Bb7 25.c3 Rc6 26.h4 Nb6 27.Qh6 Bg7 28.Qc1 
Rac8 29.h5 Na4 30.Ne2 Rc4 31.h6 Bxe4 32.hxg7 Bxd3 33.Qh6 f6 34.Rxd3 Qf7 
35.Nxe5 fxe5 36.Bxe5 g5 37.Rf3 Qe7 38.Bd6 Rh4 39.Rf8+ 1-0

[Event "32nd Rilton Cup"]
[Site "Stockholm SWE"]
[Date "2002.12.30"]
[Round "4.7"]
[White "Hermansson, Emil"]
[Black "Brynell, Stellan"]
[Result "1/2-1/2"]
[WhiteElo "2370"]
[BlackElo "2524"]
[EventDate "2002.12.27"]
[PlyCount "59"]

1.e4 e6 2.d4 d5 3.Nc3 Nf6 4.Bg5 Bb4 5.e5 h6 6.Bd2 Bxc3 7.bxc3 Ne4 8.Qg4 g6
9.Bd3 Nxd2 10.Kxd2 c5 11.h4 Nc6 12.Qf4 cxd4 13.cxd4 Qa5+ 14.c3 b5 15.Qf6 
Rf8 16.Ne2 b4 17.Rhc1 Rb8 18.cxb4 Nxb4 19.Rc5 Qa3 20.Bb5+ Bd7 21.Bxd7+ 
Kxd7 22.Rac1 Qxa2+ 23.Ke3 Na6 24.R1c2 Qa3+ 25.R2c3 Rb3 26.Rxd5+ exd5 27.
Qc6+ Ke7 28.Qf6+ Kd7 29.Qc6+ Ke7 30.Qf6+ 1/2-1/2

[Event "32nd Rilton Cup"]
[Site "Stockholm SWE"]
[Date "2002.12.30"]
[Round "4.8"]
[White "Cramling, Pia"]
[Black "Fries-Nielsen, Jens Ove"]
[Result "1/2-1/2"]
[WhiteElo "2508"]
[BlackElo "2444"]
[EventDate "2002.12.27"]
[PlyCount "80"]

1.d4 Nf6 2.c4 e6 3.Nf3 c5 4.d5 exd5 5.cxd5 d6 6.e4 Bg4 7.Be2 Bxf3 8.Bxf3 
Nbd7 9.O-O Be7 10.Bf4 O-O 11.a4 Ne8 12.Bg4 Bf6 13.Bxd7 Qxd7 14.Qd2 Nc7 15.
Na3 Rfe8 16.Rfe1 Be7 17.Nc4 Bf8 18.Rad1 f6 19.h3 Rab8 20.Qc2 b6 21.Bg3 a6 
22.f4 b5 23.axb5 axb5 24.Ne3 Na6 25.Nf5 Nb4 26.Qb3 Qa7 27.Bf2 Qa4 28.Qg3 
g6 29.b3 Qa7 30.Nh4 Qf7 31.Nf3 Ra8 32.f5 Ra3 33.Rb1 Nd3 34.fxg6 Qxg6 35.
Re3 Qxg3 36.Bxg3 Nb4 37.Ree1 Nd3 38.Re3 Nb4 39.Ree1 Nd3 40.Re3 Nb4 1/2-1/2

[Event "32nd Rilton Cup"]
[Site "Stockholm SWE"]
[Date "2002.12.30"]
[Round "4.9"]
[White "Handke, Florian"]
[Black "Ornstein, Axel"]
[Result "1-0"]
[WhiteElo "2504"]
[BlackElo "2426"]
[EventDate "2002.12.27"]
[PlyCount "75"]

1.e4 e5 2.Nf3 Nc6 3.Bb5 a6 4.Ba4 Nf6 5.O-O Be7 6.Re1 b5 7.Bb3 O-O 8.a4 Bb7
9.d3 d6 10.Nbd2 Nd7 11.c3 Nc5 12.axb5 axb5 13.Rxa8 Bxa8 14.Bc2 Bf6 15.Nf1 
Ne6 16.Ne3 g6 17.b4 Bg7 18.Bb3 Kh8 19.h4 Qd7 20.Ng5 Ncd8 21.Qg4 Bc6 22.
Nxe6 Nxe6 23.Nd5 f5 24.Qh3 fxe4 25.dxe4 Nf4 26.Qxd7 Bxd7 27.Nxc7 Rc8 28.
Nd5 Nxd5 29.Bxd5 Rxc3 30.Bg5 Bc6 31.Rd1 h6 32.Be7 Bxd5 33.Rxd5 Rc4 34.Rxd6
Rxe4 35.Rxg6 Kg8 36.Rb6 Kf7 37.Rb7 Ke6 38.g3 1-0

[Event "32nd Rilton Cup"]
[Site "Stockholm SWE"]
[Date "2002.12.30"]
[Round "4.10"]
[White "Lobron, Eric"]
[Black "Nyysti, Sampsa"]
[Result "1-0"]
[WhiteElo "2500"]
[BlackElo "2410"]
[EventDate "2002.12.27"]
[PlyCount "65"]

1.Nf3 Nf6 2.c4 c5 3.g3 b6 4.Bg2 Bb7 5.Nc3 e6 6.O-O a6 7.Re1 d6 8.e4 Be7 9.
d4 cxd4 10.Nxd4 Qc7 11.Be3 Nbd7 12.f4 Rc8 13.Bf2 Ba8 14.Rc1 g6 15.Qe2 e5 
16.Nd5 Nxd5 17.exd5 O-O 18.Nc6 Bf6 19.b4 Rce8 20.Qd3 Bb7 21.a4 a5 22.fxe5 
Bxc6 23.exf6 Bb7 24.bxa5 bxa5 25.Bd4 Qd8 26.Qd2 Rxe1+ 27.Rxe1 Nxf6 28.Qh6 
Bc8 29.h3 Bf5 30.Bf1 Bd7 31.Re4 Bxa4 32.Rf4 Nh5 33.g4 1-0